| 000 | 02243nam0a22004571 4500 | ||
|---|---|---|---|
| 001 | v19\rc\2111106 | ||
| 005 | 20260405135626.0 | ||
| 035 | _a(NLR Aleph) 005182068 | ||
| 090 |
_a5139512 _c5139512 |
||
| 100 | _a20090914d1820 |||y0rusy50 ca | ||
| 101 | 0 | _arus | |
| 102 | _aRU | ||
| 135 | _acrcn 024anaba | ||
| 140 | _ay y zz yaa0000 | ||
| 200 | 1 | _aО ученых обществах и периодических сочинениях в России | |
| 210 |
_a[Санкт-Петербург _d1820] |
||
| 215 |
_a11, [1] с. _d4° |
||
| 300 | _aВ конце текста авт.: Помощник председателя в С. Петербургском обществе любителей российской словесности: В. Каразин. Написано и в Собрании прочтено марта 1 го 1820 года | ||
| 300 | _aЦенз.: 3 марта 1820 г. Яценков, Г. М. | ||
| 309 | _aБез тит. л. | ||
| 316 |
_aЭкз. РНБ (18.18.2.228) размер: 25,6х19,6х0,8 см _5NLR: 18.18.2.228 |
||
| 321 | 1 | _aСК 1801-1825 3380 | |
| 325 | _aКопия доступна в Электрон. б-ке РНБ | ||
| 620 | _dСанкт-Петербург | ||
| 700 | 1 |
_7ca _8rus _aКаразин _bВ. Н. _f1773-1842 _gВасилий Назарович _938925 _3RU\NLR\AUTH\7755993 |
|
| 702 | 1 |
_4190 _7ca _8rus _aЯценков _bГ. М. _f1776-1852 _gГригорий Максимович _9193922 _3RU\NLR\AUTH\770193973 |
|
| 801 | 0 |
_aRU _bNLR _gpsbo |
|
| 801 | 1 |
_aRU _bProSoft-M _2rusmarc |
|
| 801 | 2 |
_aRU _bNLR _c20151109 _2rusmarc |
|
| 852 |
_aNLR _j18.18.2.228 |
||
| 942 | _cBOOK | ||
| 980 | _aNB | ||
| 980 | 3 | _akpcivil2020 | |
| 980 | 3 | _akp2020 | |
| 980 | 3 | _akp | |
| 981 | 2 | 2 |
_a(22) Материалы по истории России _b(22) Культура. Наука. Просвещение. |
| 981 | 2 | 0 |
_a(20) Книжные памятники РНБ _b(20) Русский книжный фонд |